Argentina y Brasil en la globalización (Registro nro. 5560)

Detalles MARC
000 -LEADER
fixed length control field 00943 a2200229 4500
001 - CONTROL NUMBER
control field 54403
005 - DATE AND TIME OF LATEST TRANSACTION
control field 20260407155817.0
008 - FIXED-LENGTH DATA ELEMENTS--GENERAL INFORMATION
fixed length control field 260407a2001 arg spa d
003 - CONTROL NUMBER IDENTIFIER
control field AR-UNSa-BCEJYS
040 ## - CATALOGING SOURCE
Original cataloging agency AR-UNSa-BCEJYS
Language of cataloging spa
Transcribing agency AR-UNSa-BCEJYS
080 ## - UNIVERSAL DECIMAL CLASSIFICATION NUMBER
Universal Decimal Classification number 316.421:339.9
Common auxiliary subdivision Origen de las sociedades globales y estructura social, económico, político y cultural (Globalización)<br/>
020 ## - INTERNATIONAL STANDARD BOOK NUMBER
International Standard Book Number 950-557-405-3
041 ## - LANGUAGE CODE
Language code of text/sound track or separate title spa
100 1# - MAIN ENTRY--PERSONAL NAME
Personal name Ferrer, Aldo
245 10 - TITLE STATEMENT
Title Argentina y Brasil en la globalización
Name of part/section of a work ¿Mercosur o ALCA?
264 #1 - PRODUCTION, PUBLICATION, DISTRIBUTION, MANUFACTURE, AND COPYRIGHT NOTICE
Place of production, publication, distribution, manufacture Buenos Aires :
Name of producer, publisher, distributor, manufacturer Fondo de Cultura Económica
Date of production, publication, distribution, manufacture, or copyright notice 2001
300 ## - PHYSICAL DESCRIPTION
Extent 106 p.
Dimensions 17 cm.
505 ## - FORMATTED CONTENTS NOTE
Formatted contents note 1. La globalización - 2. La Argentina - 3. La relación de la Argentina y Brasil - Argentina y Brasil ante sus alternativas históricas - 1. El nuevo orden mundial - 2. Alternativas para América del Sur
590 ## - LOCAL NOTE (RLIN)
Local note niveau_biblio:m niveau_hierar:0
700 1# - ADDED ENTRY--PERSONAL NAME
Personal name Jaguaribe, Helio
942 ## - ADDED ENTRY ELEMENTS (KOHA)
Koha item type
Existencias
Withdrawn status Lost status Damaged status Not for loan Home library Current library Shelving location Date acquired Total checkouts Full call number Barcode Date last seen Price effective from Koha item type
        Biblioteca Prof. Eusebio Cleto del Rey Biblioteca Prof. Eusebio Cleto del Rey   07/04/2026   316.421:339.9 F382a L86708 07/04/2026 07/04/2026 Libro